| 000 | 00879nam a22002417a 4500 | ||
|---|---|---|---|
| 999 |
_c9978 _d9978 |
||
| 003 | AR-CdUCM | ||
| 008 | 190329b ||||| |||| 00| 0 spa d | ||
| 040 |
_aMUNICIPALIDAD PROVINCIAL DEL CUSCO _cBIBLIOTECA MUNICIPAL DEL CUSCO |
||
| 041 | _heng | ||
| 082 |
_aES / 800 / _bB62 |
||
| 100 |
_aBlyton, Enid _926549 |
||
| 245 | _aLas mellizas en Santa Clara / | ||
| 260 |
_aBarcelona : _bEditorial Molino, _c1961. |
||
| 300 |
_a171 páginas ; _bIlustraciones, _c19 cm. |
||
| 440 |
_aSerie Aventura _n26 _926550 |
||
| 505 | _aContenido: De vuelta al colegio - Aclimatándose otra vez -- Otra vez en la clase de la señorita Roberts -- Las cinco nuevas -- Bobby gasta una broma... | ||
| 650 |
_aLiteratura _983 |
||
| 650 |
_aNovela colegial _926551 |
||
| 650 |
_aSanta clara _926552 |
||
| 700 |
_aPeraire del Molino, C. (traducción) _926553 |
||
| 942 |
_2ddc _cLIBROS |
||
| 945 | _adavv | ||